000 00282nam a22001337a 4500
008 170202b xxu||||| |||| 00| 0 eng d
020 _a2900132843224
041 _aeng
080 _a61
100 _a3
101 _a61
245 _aMEDICAL TERMINOLGY
_cWINGERD.B
942 _2udc
_cBK
999 _c4324
_d4324